[Event "SA Championship"]
[Site "Adelaide"]
[Date "2006.02.28"]
[Round "3.3"]
[White "Cowley, Robert G"]
[Black "Obst, James"]
[Result "1-0"]
[Annotator "Fritz 9"]
[BlackElo "2054"]
[EventCountry "AUS"]
[EventDate "2006.02.14"]
[EventRounds "9"]
[EventType "tourn"]
[PlyCount "47"]
[WhiteElo "2091"]

{ A87: Dutch Defence: Leningrad System: 5 Nf3 } 1. c4 f5 2. Nf3 Nf6 3. g3 g6 4.
Bg2 Bg7 5. O-O O-O 6. Nc3 d6 7. d4 Qe8 8. d5 a5 9. Nd4 Na6 10. e4 fxe4 11. Nxe4
Nxe4 12. Bxe4 Bh3 13. Re1 Nc5 14. Bh1 Qf7 15. Be3 g5 $146 ( 15... Rae8 16. Qd2
b6 17. Nc6 ( 17. Rac1 Kh8 18. b3 Bd7 19. Bg2 e6 20. dxe6 Nxe6 21. Nxe6 Bxe6 22.
Bd4 Bf6 23. Bc6 Re7 24. Bxf6+ Qxf6 25. Qc3 Kg7 26. f4 Rff7 27. a3 Bg4 28. Qxf6+
Kxf6 29. b4 axb4 30. axb4 Rxe1+ 31. Rxe1 Re7 { Roeder,M  ( 2448 ) -Hoang Thanh
Trang  ( 2450 ) /Budapest 1999/CBM 069 ext/1/2-1/2  ( 56 )}  )17... Nd7 18. Bd4
Nf6 19. Re2 Bd7 20. Bxf6 Qxf6 21. Rae1 Bxc6 22. dxc6 e5 23. Bd5+ Kh8 24. a3 Ra8
25. Qd3 a4 26. Qc2 Qf5 27. Re4 Bf6 28. Kg2 h5 29. h4 Kg7 30. Qe2 { Hirsch,J  (
2300 ) -Michalek,J  ( 2320 ) /Brno 1991/CBM 024 ext/0-1  ( 43 )}  )( 15... Rac8
16. Qd2 b6 17. b3 Kh8 18. Rac1 Bd7 19. h4 Qf6 20. Ne2 e6 21. dxe6 Nxe6 22. Bg2
Qb2 23. Rc2 Qf6 24. Qd1 Qf5 25. Rc1 Qg4 26. Nc3 Nd4 27. Qxg4 Bxg4 28. Kh2 Nf3+
29. Bxf3 Bxf3 30. Nb5 { Akopian,V  ( 2615 ) -Vyzmanavin,A  ( 2620 )
/Novosibirsk 1993/CBM 036/1-0  ( 61 )}  )( 15... Bd7 16. Qd2 a4 17. Rab1 Rac8
18. Bg2 c6 19. b4 axb3 20. Nxb3 Na4 21. Bd4 Bf5 22. Rbc1 c5 23. Bxg7 Qxg7 24.
Be4 Bd7 25. Na5 Ra8 26. Bg2 Bf5 27. Be4 Bd7 28. Bg2 Bf5 29. Be4 { 1/2-1/2 Zhu
Chen  ( 2495 ) -Hoang Thanh Trang  ( 2447 ) /Jakarta 2004/CBM 100}  )( 15... h6
16. Qd2 g5 17. Rac1 Qg6 18. Rcd1 Rf7 19. b3 Raf8 20. Re2 b6 21. Bg2 Bxg2 22.
Kxg2 g4 23. Qc2 Qh5 24. Kg1 Nd7 25. Nc6 Ne5 26. Nxe5 dxe5 27. Rc1 Rf3 28. Qd1
e4 29. c5 b5 30. d6 { D'Costa,L  ( 2254 ) -McDonald,N  ( 2396 ) /Torquay
2002/CBM 091/1-0  ( 69 )}  )( 15... Rae8 16. Qd2 $11 )16. Qd2 $14 Qg6 17. Rad1
Rf7 18. b3 { Prevents intrusion on a4}  18... Raf8 19. Qxa5 Nd3 { Exerts
pressure on the backward pawn. Black threatens to win material: Nd3xe1}  20.
Re2 ( 20. Qxc7 $4 { it may look tempting but White must resist capturing the
pawn}  20... Nxf2 21. Nc6 bxc6 $19 )20... Nxf2 ( 20... Nf4 $5 { is worth
consideration}  21. Bxf4 gxf4 $11 )21. Rxf2 $16 ( 21. Bxf2 Bxd4 22. Qd2 Bxf2+
23. Rxf2 Rxf2 24. Qxf2 Rxf2 25. Kxf2 Qc2+ 26. Ke1 Bg4 27. Bf3 Qc3+ 28. Rd2 Qxf3
29. h3 Qe3+ 30. Kf1 Bxh3+ 31. Rg2 Qxg3 32. Ke2 Qxg2+ 33. Ke3 Qg1+ 34. Ke2 Bg4+
35. Kd3 Qe1 36. Kc2 Bf5+ 37. Kb2 Qd2+ 38. Ka3 Bd7 39. c5 Qc1+ 40. Kb4 Qxc5#
)21... Bxd4 $4 { the position is going down the drain}  ( 21... Rxf2 $142 22.
Bxf2 Bxd4 23. Bxd4 Qc2 $16 )22. Bxd4 $18 Qc2 ( 22... Rxf2 { does not improve
anything}  23. Bxf2 Rf7 24. Qd2 $18 ( 24. Qxc7 $6 { is impossible}  24... Qc2
25. Rf1 Bxf1 26. Qc8+ Rf8 27. Qe6+ Rf7 28. Qc8+ Rf8 29. Qe6+ Rf7 30. Qc8+ $11
))23. Qd2 ( 23. Rxc2 $4 { will give the opponent a chance to mate in 2}  23...
Rf1+ 24. Rxf1 Rxf1# )23... Rxf2 24. Bxf2 ( 24. Bxf2 Qf5 25. a4 $18 ) 1-0

[Event "SA Championship"]
[Site "Adelaide"]
[Date "2006.02.28"]
[Round "3.4"]
[White "Stevens, Tristan"]
[Black "Guthrie, Aaron"]
[Result "1-0"]
[Annotator "Fritz 9"]
[BlackElo "2120"]
[EventCountry "AUS"]
[EventDate "2006.02.14"]
[EventRounds "9"]
[EventType "tourn"]
[PlyCount "55"]
[WhiteElo "1855"]

{ B21: Sicilian: 2 f4 and Morra Gambit } 1. e4 c5 2. Nf3 e6 3. d4 cxd4 4. c3
dxc3 5. Nxc3 a6 6. Bc4 Qc7 7. Qe2 ( 7. Bb3 Nc6 8. O-O Bd6 9. Kh1 Nge7 10. Nd4
Nxd4 11. Qxd4 O-O 12. Be3 Nc6 13. Qd2 b5 14. Rac1 Rd8 15. f4 Bb7 16. Qf2 Qb8
17. Rcd1 Na5 18. Bc2 Nc4 19. Bd4 Bf8 20. e5 d6 21. f5 Qc7 { Li Haoyu  ( 2314 )
-Wang Rui  ( 2509 ) /Tianjin 2001/CBM 083 ext/1/2-1/2}  )7... Nc6 ( 7... Be7 8.
O-O b5 9. Bb3 Bb7 10. Rd1 d6 11. Bf4 e5 12. Nd5 Qd8 13. Nxe5 dxe5 14. Bxe5 Kf8
15. Nxe7 Qe8 16. Nxg8 Kxg8 17. Qg4 g6 18. Bf6 Nc6 19. Qd7 Na5 20. Qxe8+ Rxe8
21. Bd5 h5 22. Bxh8 { Saradjen,J  ( 2176 ) -Orel,A  ( 2006 ) /Nova Gorica
2004/CBM 098 ext/1-0}  )8. Be3 $146 { Black is behind in developement. Black's
piece can't move: c8}  ( 8. a3 d6 9. O-O Nf6 10. h3 Be7 11. Rd1 O-O 12. Bg5 b5
13. Ba2 Bb7 14. Rac1 Rac8 15. Bf4 Rfd8 16. Nd5 exd5 17. exd5 Qd7 18. dxc6 Rxc6
19. Ne5 Rxc1 20. Bxf7+ Kh8 21. Nxd7 Rxd1+ 22. Qxd1 Rxd7 { Garcia Saez,J  ( 2169
) -Balcells Soriguera,M/Balaguer 2003/CBM 095 ext/1-0}  )( 8. O-O Bd6 $11 )8...
Bd6 9. O-O Nge7 { Black is behind in development.}  ( 9... Nf6 10. Bg5 $15 )10.
Rfd1 O-O { White has a very active position}  11. Rac1 Ng6 12. Bb3 b5 13. g3 {
Consolidates f4}  13... Rd8 14. Ng5 Be7 15. Nd5 exd5 16. Nxf7 { Demolishes the
pawn shield}  16... Kxf7 $4 { Black loses the upper hand}  ( 16... Rf8 $142 {
would bring relief}  17. exd5 Rxf7 18. dxc6 dxc6 19. Bxf7+ Kxf7 20. Qf3+ Kg8
21. Rxc6 Qb7 22. Qd5+ Kh8 $15 )17. exd5 $18 Qe5 18. dxc6+ Kf8 ( 18... d5 { does
not help much}  19. c7 Be6 20. cxd8=R Rxd8 21. Rc6 $18 )19. c7 ( 19. Qf3+ $142
{ and White has prevailed}  19... Qf6 20. Qd5 $18 )19... Bb7 20. cxd8=Q+ Rxd8
21. Qg4 Qf6 ( 21... Qe4 22. Qxe4 Bxe4 $18 )22. Rxd7 Ne5 23. Rxd8+ Bxd8 24. Bc5+
Ke8 ( 24... Be7 { there is nothing better in the position}  25. Bxe7+ Qxe7 26.
Qf4+ Qf6 27. Qb4+ Ke8 $18 )25. Re1 Bf3 ( 25... Bc7 { does not win a prize}  26.
Qd4 Qe7 27. Bxe7 Nf3+ 28. Kf1 Nxd4 29. Bc5+ Kd7 30. Bxd4 $18 )26. Rxe5+ $1 {
Annihilates a defender: e5}  26... Qxe5 { A deflection}  27. Qxf3 Qe1+ ( 27...
Kd7 { the only chance to get some counterplay}  28. Bb4 h5 $18 )28. Kg2 ( 28.
Kg2 Kd7 29. Qd5+ Kc7 30. Qd6+ Kc8 31. Qxa6+ Kd7 32. Qxb5+ Kc8 33. Qa6+ Kc7 34.
Bb6+ Kb8 35. Qa7+ Kc8 36. Qa8+ Kd7 37. Qb7+ Bc7 38. Qxc7+ Ke8 39. Qf7# ) 1-0

[Event "SA Championship"]
[Site "Adelaide"]
[Date "2006.02.28"]
[Round "3.5"]
[White "Zaric, Srboljub"]
[Black "Tao, Trevor"]
[Result "1/2-1/2"]
[Annotator "Fritz 9"]
[BlackElo "2418"]
[EventCountry "AUS"]
[EventDate "2006.02.14"]
[EventRounds "9"]
[EventType "tourn"]
[PlyCount "104"]
[WhiteElo "2129"]

{ B15: Caro-Kann: 3 Nc3: 3...g6 and 3...dxe4 4 Nxe4 Nf6 5 Nxf6+ exf6 } 1. e4 c6
2. d4 d5 3. Nc3 g6 4. Nf3 Bg4 5. exd5 cxd5 6. h3 Bxf3 7. Qxf3 e6 8. Bd3 Nc6 9.
Ne2 Bg7 10. c3 Nge7 11. O-O O-O 12. Rd1 $146 ( 12. g4 f5 13. Bg5 fxg4 14. Qxg4
Qd6 15. f4 Nf5 16. Rf3 Rf7 17. Raf1 h6 18. Bh4 h5 19. Qxg6 Nxh4 20. Qh7+ Kf8
21. R3f2 Ne7 22. Qxh5 Nef5 23. Kh1 Ke7 24. Rg1 Rh8 25. Qg4 Bf6 26. Ng3 Rg7 { Da
Mata,L  ( 2122 ) -Pelikian,J  ( 2414 ) /Sao Paulo 2004/CBM 098 ext/0-1  ( 38 )}
 )12... a6 { Secures b5}  13. Bf4 ( 13. Qg3 Rc8 $14 )13... b5 ( 13... f6 14.
Qg4 e5 15. Bc1 $11 )14. a3 { Controls b4}  14... Qb6 ( 14... f6 15. Qg4 e5 16.
Bc1 $11 )15. Qg3 $16 Qb7 16. Nc1 { The knight intends Ne2-c1-b3-c5}  ( 16. Bd6
Rfe8 $14 )16... Na5 ( 16... f6 17. Bd6 $14 )17. b4 { White threatens to win
material: b4xa5}  ( 17. Re1 $5 $16)17... Nc4 $11 18. Nb3 Nb2 19. Re1 Qc6 20.
Nc5 { Menacing}  20... Nxd3 21. Qxd3 Nc8 { The idea is Ne7-c8-b6-c4}  22. a4
Nb6 { Black threatens to win material: Nb6xa4}  23. a5 { White threatens to win
material: a5xb6}  23... Nc4 { 'the knight is the knight!'}  24. Re2 Rae8 25.
Rae1 Qc8 26. Qg3 Re7 27. h4 h6 { Covers g5}  28. h5 g5 29. Bxg5 hxg5 30. Qxg5 {
Black wins a piece. Decoy theme: g5}  30... f6 { Black threatens to win
material: f6xg5}  31. Qg6 e5 32. h6 { A strong pawn}  32... e4 ( 32... Kh8 $5
$16 $142)33. Nxe4 $18 ( 33. hxg7 $6 Rxg7 34. Qh5 Rg5 $14 )33... dxe4 ( 33...
Rxe4 { Deflection from g7}  34. Qxg7# { The nicest combinations are those
leading to mate}  )34. Rxe4 ( 34. hxg7 { is much weaker}  34... Rfe8 35. Rxe4
Rxe4 36. Rxe4 Rxe4 37. Qxe4 Kxg7 38. Qe7+ Kg6 $15 )34... Ref7 35. Rg4 ( 35.
hxg7 $6 Rxg7 36. Qh5 Rg5 $11 )35... Qd7 36. Qh5 ( 36. Re6 $1 $18 $142)36... Nd6
$16 37. hxg7 Rxg7 38. Rxg7+ ( 38. Qd5+ $5 Rf7 39. Rxg7+ Kxg7 40. Re6 $16 )38...
Kxg7 $14 39. Re3 { White has a mate threat}  39... Re8 40. Rg3+ Kf8 41. Qh8+ {
White forks: f6+f8}  41... Ke7 42. Re3+ Kd8 43. Qxf6+ Kc7 44. Re5 Nc4 ( 44...
Qd8 $5 { must be considered}  45. Qh6 Re7 $14 )45. Rxe8 $16 Qxe8 46. g4 ( 46.
Qxa6 Qe1+ 47. Kh2 Qxf2 48. Qa7+ Kd8 49. Qb8+ Ke7 50. Qc7+ Ke6 51. Qc8+ Ke7 52.
Qc5+ Kd8 53. Qg5+ Kc8 54. Qg8+ Kc7 55. Qh7+ Kd6 56. Qg6+ Kc7 57. Qg7+ Kd8 58.
Qg3 $11 )46... Qe4 $11 { Black threatens to win material: Qe4xg4}  47. f3 {
White threatens to win material: f3xe4}  47... Qe2 48. Qf4+ Kc8 49. g5 Nd2 {
Black threatens to win material: Nd2xf3}  50. Qf5+ Kc7 51. Qc5+ Kd7 { Black has
a mate threat}  52. Qf5+ Kc7  1/2-1/2

[Event "SA Championship"]
[Site "Adelaide"]
[Date "2006.03.07"]
[Round "4.1"]
[White "Goldsmith, Alan D"]
[Black "Tao, Trevor"]
[Result "0-1"]
[Annotator "Fritz 9"]
[BlackElo "2418"]
[EventCountry "AUS"]
[EventDate "2006.02.14"]
[EventRounds "9"]
[EventType "tourn"]
[PlyCount "102"]
[WhiteElo "2059"]

{ C44: Ponziani Opening and Scotch Gambit } 1. e4 e5 2. Nf3 Nc6 3. d4 exd4 4. c3
d5 5. exd5 Qxd5 6. cxd4 Nf6 7. Nc3 Bb4 8. Be2 Ne4 9. Bd2 Bxc3 10. bxc3 O-O 11.
O-O Na5 ( 11... Nxd2 12. Nxd2 Bf5 13. Qb3 Qa5 ( 13... Qxb3 14. axb3 a6 15. Bf3
Bd7 16. Nc4 Rae8 17. Rfd1 g6 18. Bxc6 Bxc6 19. Na5 Bd5 20. c4 b6 21. cxd5 bxa5
22. Rxa5 Rb8 23. Rxa6 Rfd8 24. Rd3 Rxd5 25. Rc6 Rbd8 26. Rxc7 Rxd4 27. Rxd4
Rxd4 28. Rc1 { Oleksienko,M  ( 2405 ) -Kravtsiv,M  ( 2160 ) /Lvov 2003/CBM 095
ext/1-0  ( 58 )}  )14. Nc4 Qa6 15. Qb2 Ne7 16. Ne3 Qb6 17. Qa3 Qd6 18. Qxd6
cxd6 19. Bf3 Rab8 20. Rfe1 Rfc8 21. Nxf5 Nxf5 22. Rab1 g6 23. Rb3 Rc7 24. Kf1 {
1/2-1/2 Ljubojevic,L  ( 2615 ) -Portisch,L  ( 2635 ) /Milan 1975/MCL}  )12. Re1
$146 ( 12. Ne5 c5 13. Be1 b6 14. c4 Qd6 15. Nf3 cxd4 16. Qxd4 Qxd4 17. Nxd4 Ba6
18. Bxa5 bxa5 19. Rac1 Rfe8 20. f3 Nc5 21. Kf2 Rad8 22. Rfd1 Rd6 23. Nb5 Rde6
24. Bf1 R6e7 25. Re1 Kf8 26. Rxe7 Rxe7 { Lehtivaara,R  ( 2280 )
-Elstner,H/Balatonbereny 1988/TD/1/2-1/2  ( 43 )}  )12... f5 ( 12... Re8 13.
Qc2 Nxd2 14. Qxd2 $16 )13. Ne5 ( 13. Qc2 Be6 $16 )13... b5 14. Bf3 Nc4 15. Nxc4
bxc4 16. Bf4 Bb7 17. Rb1 Bc6 18. Be5 Qd7 19. Re3 Bd5 20. g4 ( 20. Bxe4 Bxe4 21.
Rb4 Bd5 $16 )20... Ng5 ( 20... Nf6 21. Bxf6 Bxf3 22. Qxf3 fxg4 23. Qe2 Rxf6 24.
Qxc4+ Rf7 25. Rbe1 $14 )21. Bxd5+ Qxd5 22. f4 { White threatens to win
material: f4xg5}  22... Ne6 23. gxf5 Rxf5 24. Qg4 ( 24. Qf3 Qxf3 25. Rxf3 Raf8
$14 )24... g6 ( 24... Raf8 25. Qg2 Qxg2+ 26. Kxg2 Nxf4+ 27. Bxf4 Rxf4 28. Rb7
$11 )25. Rg3 ( 25. Qf3 $5 Qxf3 26. Rxf3 $16 )25... Raf8 26. Rb8 $4 { gives the
opponent new chances}  ( 26. Qf3 $5 $142 { looks like a viable alternative} 
26... Qxf3 27. Rxf3 $11 )26... Rxf4 $1 { Theme: Double Attack.}  27. Rxf8+ (
27. Qxf4 Nxf4 )27... Rxf8 28. Qh4 ( 28. Re3 c5 $17 )28... Qd7 { White king
safety improved}  ( 28... c5 $5 29. Qe7 Rf7 $17 )29. Qe4 $15 Qf7 { Black has a
mate threat}  30. Qe2 Ng7 31. Bxg7 Kxg7 ( { Weaker is } 31... Qxg7 32. Qxc4+
Kh8 33. Qe6 $14 )32. Re3 Qf4 33. Re7+ Kh6 34. Re4 Qg5+ 35. Rg4 { White
threatens to win material: Rg4xg5}  35... Qf6 36. d5 ( 36. Kg2 Kg7 $15 )36...
Qxc3 ( 36... Qf5 37. Rxc4 Qg5+ 38. Rg4 Qxd5 39. Qe3+ Kg7 40. Qd4+ Qxd4+ 41.
Rxd4 $17 )37. Rh4+ { The isolani on c4 becomes a target}  ( 37. Rxc4 $5 Qa1+
38. Kg2 $15 )37... Kg7 $17 38. Rxc4 Qa1+ 39. Kg2 Rf7 40. Rc2 Qf6 41. Rd2 h6 42.
h3 ( 42. Rd1 Qd6 $17 )42... Re7 ( 42... Qg5+ 43. Kh1 Re7 44. Qf2 $19 )43. Qg4
h5 44. Qg3 ( 44. Qd4 Re2+ $1 { Black pulls ahead}  45. Kg1 Rxd2 46. Qxd2 Qe5
$19 )44... Kh6 ( 44... h4 45. Qg4 Re5 46. Kh2 $19 )45. h4 $2 ( 45. Qf2 $142 Qd6
46. Qxa7 $17 )45... Re4 $19 46. Rf2 ( 46. Qg5+ Qxg5+ 47. hxg5+ Kxg5 $19 )46...
Qd4 47. Qg5+ ( 47. Qf3 { no good, but what else?}  47... Rg4+ 48. Kh1 Rxh4+ 49.
Kg2 $19 )47... Kg7 48. Qd2 Rg4+ 49. Kf1 Qc4+ ( 49... Qa1+ $142 { and Black
takes home the point}  50. Ke2 Re4+ 51. Kd3 Rd4+ 52. Ke3 Rxd2 53. Rxd2 Qe5+ 54.
Kf3 Qf6+ 55. Ke3 Qxh4 56. Kd3 $19 )50. Re2 Re4 51. Qb2+ Kf7 ( 51... Kf7 52. Kf2
Rxe2+ 53. Qxe2 Qxe2+ 54. Kxe2 g5 55. hxg5 Kg6 $19 )( 51... Kh7 $5 $142 { makes
it even easier for Black}  52. a3 $19 ) 0-1

[Event "SA Championship"]
[Site "Adelaide"]
[Date "2006.03.07"]
[Round "4.2"]
[White "Guthrie, Aaron"]
[Black "Zaric, Srboljub"]
[Result "1-0"]
[Annotator "Fritz 9"]
[BlackElo "2129"]
[EventCountry "AUS"]
[EventDate "2006.02.14"]
[EventRounds "9"]
[EventType "tourn"]
[PlyCount "41"]
[WhiteElo "2120"]

{ B45: Sicilian Four Knights } 1. e4 c5 2. Nf3 Nc6 3. d4 cxd4 4. Nxd4 Nf6 5. Nc3
e6 6. Be2 Bb4 7. O-O Bxc3 8. bxc3 Nxe4 9. Bd3 Nxd4 10. Bxe4 Nb5 $146 ( 10...
Nc6 11. c4 f5 12. Bxf5 Qf6 13. Be4 O-O 14. Rb1 b6 15. Bb2 Qh4 16. Qe2 Ba6 17.
Bxc6 dxc6 18. Qxe6+ Rf7 19. Rbd1 Qxc4 20. Qe5 Qxc2 21. Rc1 Qf5 22. Qxf5 Rxf5
23. Rfd1 c5 24. Rd7 Rf7 25. Rcd1 { Lujan,M  ( 2263 ) -Tossutti,J  ( 2190 ) /Mar
del Plata 2004/CBM 099 ext/1/2-1/2  ( 56 )}  )( 10... Nc6 $5 { has some
apparent merit}  11. Re1 Qa5 $14 )11. Qd3 $16 Qa5 12. c4 Qc3 13. cxb5 Qxa1 14.
Ba3 Qe5 15. f4 Qc7 16. Bd6 Qb6+ 17. Kh1 f6 $4 { another step towards the grave}
 ( 17... g6 $5 $16 $142)18. c4 ( 18. Bxh7 { keeps an even firmer grip}  18...
Qxd6 19. Qxd6 Rxh7 $18 )18... a6 $2 ( 18... Kf7 19. c5 Qa5 20. f5 $18 )19. a4 (
19. Bxh7 $142 { might be the shorter path}  19... Qxd6 20. Qxd6 Rxh7 21. b6 $18
)19... axb5 $4 { the pressure is too much, Black crumbles}  ( 19... Kf7 20. c5
Qa5 21. Bxh7 Rxh7 22. Qxh7 b6 $18 )20. c5 ( 20. axb5 $6 { is easily refuted} 
20... Kf7 21. c5 Qa5 $18 )20... Qd8 ( 20... Qxd6 { praying for a miracle}  21.
cxd6 Rxa4 22. Bxh7 Ra6 23. Bg6+ Kd8 $18 )21. Bg6+ $1 { sealing the opponent's
fate}  ( 21. Bg6+ hxg6 22. Qxg6# ) 1-0

[Event "SA Championship"]
[Site "Adelaide"]
[Date "2006.03.07"]
[Round "4.3"]
[White "Obst, James"]
[Black "Stevens, Tristan"]
[Result "1-0"]
[Annotator "Fritz 9"]
[BlackElo "1855"]
[EventCountry "AUS"]
[EventDate "2006.02.14"]
[EventRounds "9"]
[EventType "tourn"]
[PlyCount "105"]
[WhiteElo "2054"]

{ C20: 1 e4 e5: Unusual White second moves } 1. e4 e5 2. Qh5 Nc6 3. Bc4 g6 4.
Qf3 Nf6 5. Ne2 Bg7 6. d3 d6 7. h3 Be6 8. Bb3 h6 9. Bxe6 $146 ( 9. Be3 Bxb3 10.
axb3 d5 11. O-O O-O 12. Na3 Kh7 13. b4 a6 14. c3 Qd6 15. Ng3 Rad8 16. Nc2 Qe6
17. Qe2 Rfe8 18. Rad1 Rd7 19. Bc1 Red8 20. Rfe1 Ng8 21. f4 exf4 22. Bxf4 Nf6
23. e5 Ng8 { Nakamura,H  ( 2657 ) -Mitkov,N  ( 2530 ) /Minneapolis 2005/CBM
107/1/2-1/2  ( 55 )}  )9... fxe6 10. Qg3 { White threatens to win material:
Qg3xg6}  10... Kf7 { Black loses the right to castle}  11. O-O g5 ( 11... Nh5
12. Qg4 Nf6 13. Qf3 $11 )12. h4 { White threatens to win material: h4xg5} 
12... Nh5 { Black threatens to win material: Nh5xg3}  13. Qg4 { White threatens
to win material: Qg4xh5}  13... Nf4 14. h5 Qf6 $2 ( 14... Qe8 15. Nbc3 $11 )15.
Kh2 ( 15. Nec3 $5 $16 $142)15... Nxe2 16. Qxe2 Nd4 { Black threatens to win
material: Nd4xe2}  17. Qd1 g4 ( 17... c5 18. c3 Nc6 19. Be3 $14 )18. Kg3 ( 18.
Qxg4 $2 { is no good because of}  18... Nxc2 19. Na3 Nxa1 $19 )18... Bf8 19. c3
{ White threatens to win material: c3xd4}  19... Be7 { Black has a mate threat}
 20. Rh1 ( 20. Qxg4 { misses a pretty mating combination}  20... Rhg8 21. Kh3
Rxg4 22. g3 Rh4+ 23. gxh4 Qxh4+ 24. Kg2 Rg8+ 25. Bg5 Rxg5# )20... Nf3 $2 (
20... Nc6 $5 $14 $142 { and Black has air to breath} )21. gxf3 $18 gxf3 22. Rh3
Rhg8+ 23. Kh2 Rg2+ 24. Kh1 Rag8 25. Nd2 Ke8 ( 25... Qg7 26. Nxf3 ( 26. Rxf3+
$143 Ke8 27. Qf1 Rg1+ 28. Kh2 Rxf1 29. Rg3 Rxf2+ 30. Kh1 Qxg3 31. Nf3 Qxf3#
)26... Rxf2 27. Qg1 $16 )26. Nxf3 Rxf2 ( 26... Qg7 27. Qf1 Qg4 28. Rh2 Rxh2+
29. Nxh2 Qxh5 30. Be3 $18 )27. Be3 $18 Qg7 ( 27... Rxb2 28. Rb1 Rxb1 29. Qxb1
$18 )28. Qg1 ( 28. Qa4+ $5 Kd8 29. Rg1 Rf1 $18 )28... Rg2 $16 29. Qf1 Qg4 30.
Ng1 Rxb2 31. Qf3 Qg7 32. Rh2 ( 32. Bxa7 $6 b6 33. Rh2 Rxh2+ 34. Kxh2 Qg5 $15
)32... Rxh2+ 33. Kxh2 Bh4 34. Ne2 ( 34. Bxa7 $6 b6 35. Kh1 Kd7 $11 )34... Qe7 (
34... Rf8 35. Qh3 Qf6 36. Rg1 $18 )35. Rf1 d5 $4 { terrible, but what else
could Black do to save the game?}  ( 35... Bg5 36. Bxg5 Rxg5 $18 )36. Bc5 $3 {
the final blow}  36... Qg7 ( 36... Qxc5 { A deflection}  37. Qf7+ { A double
attack}  )37. Rg1 ( 37. exd5 $142 { finishes off the opponent}  37... Qg4 38.
Qxg4 Rxg4 39. Rf8+ Kd7 40. Kh3 $18 )37... Bg5 38. Be3 ( { Inferior is } 38.
Bxa7 b6 39. exd5 Qf8 $18 )38... Qe7 39. Bxg5 Rxg5 40. Rg4 ( 40. exd5 $5 $142
exd5 41. Rxg5 Qxg5 42. Ng3 Qd2+ 43. Kh3 $18 )40... Rxh5+ $16 41. Kg2 Rg5 42.
Ng3 Qa3 ( 42... c6 43. Kh3 $16 )43. Rxg5 Qxa2+ 44. Kh3 hxg5 45. Qh5+ ( 45. exd5
Qxd5 46. Ne4 Qd8 $18 )45... Kd7 46. Qxg5 ( 46. Qf7+ Kd6 $16 )46... Qc2 ( 46...
dxe4 47. Nxe4 Qe2 48. Qg3 $16 )47. Qg7+ Kd6 48. Qf8+ Kd7 ( 48... Kc6 $5 49.
Qe8+ Kd6 50. exd5 exd5 51. Qg6+ Kd7 52. Qf7+ Kc6 53. Qe6+ Kc5 54. Qxe5 Kb6 55.
Qd4+ c5 56. Qxd5 Qxc3 $16 )49. Qf7+ $18 Kd6 50. exd5 Qxd3 $4 { the position was
bad, and this mistake simply hastens the end}  ( 50... exd5 51. d4 Qxc3 52.
Qf6+ Kd7 53. dxe5 Qc6 54. Qf7+ Kd8 $18 )51. dxe6 $18 Qb5 ( 51... Qd5 { a
fruitless try to alter the course of the game}  52. Nf5+ Kc5 53. Qxc7+ Qc6 54.
Qxe5+ Qd5 55. Qe3+ Kb5 56. Kg4 $18 )52. Ne4+ Kd5 53. Qd7+ ( 53. Qd7+ Qxd7 54.
exd7 Kxe4 55. d8=Q $18 )( 53. Kg2 Qd3 54. Nf2 Qxc3 55. e7+ Kc6 56. e8=Q+ Kb6
57. Qfe6+ c6 58. Qd8+ Kb5 59. Qc7 Ka4 60. Qxb7 Qc2 61. Qxa7+ Kb5 62. Qb7+ Ka4
63. Qa6+ Kb4 64. Qe7+ c5 65. Qeb7+ Kc3 66. Qf3+ Kd2 67. Qh6+ Ke1 68. Qhe3+ Qe2
69. Qexe2# ) 1-0

[Event "SA Championship"]
[Site "Adelaide"]
[Date "2006.03.07"]
[Round "4.4"]
[White "Riches, L John"]
[Black "Cowley, Robert G"]
[Result "0-1"]
[Annotator "Fritz 9"]
[BlackElo "2091"]
[EventCountry "AUS"]
[EventDate "2006.02.14"]
[EventRounds "9"]
[EventType "tourn"]
[PlyCount "66"]
[WhiteElo "1939"]

{ A60: Modern Benoni: Early Divergences } 1. d4 Nf6 2. c4 c5 3. d5 e6 4. Nc3
exd5 5. cxd5 d6 6. Nf3 a6 7. a4 g6 8. Bg5 ( 8. Nd2 Nbd7 9. e4 Bg7 10. Be2 O-O
11. Nc4 Nb6 12. Na3 Bd7 13. O-O Re8 14. f3 Qc7 15. a5 Nc8 16. Nc4 Bb5 17. Bf4
Bxc4 18. Bxc4 Nd7 19. Qd2 Ne5 20. Be2 Na7 21. Na4 Nb5 22. Nb6 Rad8 { Gomboc,M 
( 2144 ) -Kosanski,S  ( 2373 ) /Zadar 2003/CBM 097 ext/0-1  ( 65 )}  )8... Bg7
9. e3 h6 10. Bh4 g5 $146 ( 10... Bg4 11. Qc2 Bxf3 12. gxf3 Nbd7 13. a5 O-O 14.
f4 b5 15. axb6 Qxb6 16. Ra2 Qb4 17. Bg2 c4 18. O-O Nc5 19. Rd1 Rfc8 20. Bf1
Rab8 21. f3 Nh5 22. Be1 f5 23. Kh1 Re8 24. Qf2 Qb3 25. Rda1 { Hartston,W  (
2485 ) -Bronstein,D  ( 2555 ) /Tallinn 1979/MCD/0-1  ( 38 )}  )( 10... Qb6 11.
Qc2 $14 )11. Bg3 $16 Nh5 12. Be2 Nxg3 13. hxg3 { Black has the pair of bishops}
 13... Nd7 14. Qc2 Qe7 15. Nd2 Ne5 16. Nc4 ( 16. Ra3 g4 $14 )16... Nxc4 $11 17.
Bxc4 O-O ( 17... h5 18. Be2 $11 )18. Kd2 { White loses the right to castle}  (
18. Kf1 $5 $14)18... Bd7 19. f4 ( 19. a5 $5 $11 { deserves consideration}
)19... f5 { White has a new backward pawn: e3}  20. Rae1 $2 ( 20. a5 Rfe8 21.
Rae1 Qd8 $15 )20... Qf6 ( 20... b5 21. Be2 $19 )21. Rhf1 ( 21. a5 $5 $17)21...
b5 22. axb5 axb5 23. Bxb5 Bxb5 24. Nxb5 Rab8 ( 24... Qf7 25. Qd3 Rab8 26. b3
$17 )25. Nc3 Rb4 26. Rb1 ( 26. Ke2 Qf7 $17 )26... g4 { Black has a new backward
pawn: h6}  ( 26... Re8 27. Qd3 $17 )27. Ra1 ( 27. Ke2 Rfb8 $15 )27... Rfb8 (
27... Qe7 28. Rf2 $17 )28. Ra2 Qf7 29. Kc1 $2 ( 29. Rfa1 $15 $142 { would keep
White in the game} )29... Rb3 $19 30. Rd1 Qb7 31. Ra3 $4 { White crumbles in
face of a dire situation}  ( 31. Kd2 Rxb2 32. Rxb2 Qxb2 33. Qxb2 Rxb2+ 34. Kd3
Bxc3 35. Kxc3 Rxg2 36. Ra1 Rxg3 37. Kd3 c4+ 38. Kd4 $19 )31... Rxb2 32. Qxf5
Qb4 33. Nb5 ( 33. Qf7+ { doesn't improve anything}  33... Kxf7 34. Rd2 Qxa3 35.
Rc2 Bxc3 36. Kd1 Rb1+ 37. Ke2 Qa6+ 38. Kf2 Qf1# )33... Qxb5 ( 33... Qxb5 34.
Qe6+ Kh8 35. Qxh6+ Bxh6 36. Rh1 Qc4+ 37. Rc3 Qxc3+ 38. Kd1 Qd2# )( 33... Rxb5
$6 34. Qe6+ Kf8 35. Qf5+ Ke8 36. Qe6+ Kf8 37. Qf5+ Ke7 38. Qe6+ Kf8 $11 ) 0-1